000 00492nam a2200169Ia 4500
008 090201s9999 xx 000 0 und d
010 _aKPL-23647
040 _bमराठी
041 _aमराठी
082 _a40814
_b23647
100 _aवा शि आपटे
245 _aसिस्टर
_cवा शि आपटे
260 _c2004
_bश्री राम प्रकाशन
300 _a176
_bमोठा
600 _aसिस्टर
942 _cBOOK
999 _c238047
_d238047